2023 MXGP Riders - Statistiques

Statistiques générales
  • Ce quiz a été pris 100 fois
  • Le résultat moyen est 12 sur 27
Statistiques - réponses
Hint Réponse % Correct
#61 - Red Bull GASGAS Factory Racing Jorge Prado
92%
#3 - Kawasaki Racing Team MXGP Romain Febvre
92%
#84 - Red Bull KTM Factory Racing Jeffrey Herlings
89%
#91 - Monster Energy Yamaha Factory MXGP Jeremy Seewer
83%
#243 - Team Honda HRC Tim Gajser
82%
#959 - Monster Energy Yamaha Factory MXGP Maxime Renaux
80%
#259 - Monster Energy Yamaha Factory MXGP Glenn Coldenhoff
71%
#70 - Team Honda HRC Ruben Fernandez
63%
#92 - Honda SR Motoblouz Valentin Guillod
57%
#41 - Standing Construct Honda MXGP Pauls Jonass
49%
#6 - De Baets Yamaha MX-Team Benoit Paturel
45%
#10 - Gebben Van Venroy Yamaha Racing Calvin Vlaanderen
45%
#101 - Red Bull GASGAS Factory Racing Mattia Guadagnini
43%
#303 - SM Action Racing Team Yuasa Battery Alberto Forato
40%
#919 - MRT Racing Team Beta Ben Watson
38%
#43 - Kawasaki Racing Team MXGP Mitchell Evans
38%
#189 - Standing Construct Honda MXGP Brian Bogers
37%
#29 - KTM Sarholz Racing Team Henry Jacobi
26%
#77 - MRT Racing Team Beta Alessandro Lupino
23%
#226 - KTM Kosak Team Tom Koch
22%
#161 - JWR Honda Racing Alvin Östlund
18%
#32 - JM Honda Racing Brent Van Doninck
18%
#87 - JK Racing Yamaha Kevin Brumann
14%
#38 - Honda SR Motoblouz Stephen Rubini
14%
#2 - Milionaire Racing Team-ABF Italia Arminas Jasikonis
11%
#211 - SDMCORSE MX Team Nicholas Lapucci
6%
#75 - JWR Honda Racing Hardi Roosiorg
3%
Aucun quiz correspondant
Distribution des résultats
% des personnes avec chaque résultat
Percentile par nombre de réponses
Votre historique - résultats
Vous n’avez pas pris ce quiz